000 00271nam a2200121Ia 4500
005 20250603145118.0
008 250603s9999 xx 000 0 und d
050 _aKD 623 .Z9/
100 _aMuhammad abu zuhra
245 0 _aIjsul Al-fiqh
300 _a415 p
942 _cBK
999 _c40908
_d40908